00575cam a22001692 4500001001100000005001700011008004100028020001700069040001500086245009900101250001300200260004700213300004200260650002500302650003300327700004500360000002534820151217154519.0150722s xx 000 0 eng d a0781793834 : aKABUcKABU10aFundamentals of nursing :bthe art and science of nursing care /cCarol R. Taylor... [et al.]. a7th ed. aPhiladelphia, PA :bWolters Kluwer,c2011. a1 vol. (various pagings) +e1 CD-ROM. 0aNursing.@0000155852 0aEthics, Nursing.@00001782631 aTaylor, Carol R... [et al.].@0000185987